000 00348nam a2200133Ia 4500
008 191201s2005 xx 000 0 und d
082 _a621.381
_bGUG
100 _aGUPTA, B R
245 0 _aGeneration of Electrical Energy
260 _aN.Delhi
_bEurasia Publication House Pvt Ltd.
_c2005
300 _a493
650 _aB.Tech(ECE)
942 _2ddc
_cBK
999 _c1847
_d1847